Science Quiz

Random Science or Nintendo Quiz

Gluconeogenesis Quiz Stats

 Plays Quiz not verified by Sporcle

Also try: Skull Bones
Challenge
Share
Tweet
Embed
Score 0/37 Timer 10:00
7 Plays Today
Question Answer % Correct
1) What does gluconeogenesis make?Glucose
97.5%
5) How many bypass reactions are there?Three
88.9%
4) Is this a reversal of glycolysis?No
88.6%
3) Where does gluconeogenesis take plase?The Liver
83.8%
2) What organ is this process especially important for?The Brain
77.6%
7) Via what intermediate?Oxaloacetate
58.2%
6) The first bypass reaction goes from phosphate to...Phosphoenolpyruvate
56%
8) The intermediate is formed by what enzyme?Pyruvate Carboxylase
52.4%
16) The second bypass reaction goes from Fructose-1,6-Bisphosphate to...Fructose-6-Phosphate
48.4%
20) The third bypass reaction goes from Glucose-6-Phosphate to...Glucose
46.6%
11) What drives this reaction?ATP Hydrolysis
43.2%
23) In the 2nd and 3rd bypass reactions, what is removed from the substrate?Inorganic Phosphate
40%
24) What precursor of pyruvate comes from the muscles?Lactate
39.1%
10) What cofactor is therefore required?Biotin
39%
13) What is released in this reaction?CO2
38.4%
14) What is added to oxaloacetate to form PEP?Phosphate
37%
22) What enzyme catalyses the 3rd bypass reaction?Glucose-6-Phosphatase
35.5%
15) This is provided by...GTP
32.7%
25) This exchange is part of the _______ CycleCori Cycle
32.6%
Question Answer % Correct
26) What amino acid can be used to create pyruvate for gluconeogenesis? Alanine
32.2%
17) This is catalysed by...Fructose-1,6-Bisphosphatase
32%
12) The intermediate is converted to Phosphoenolpyrivate by what enzyme?PEP carboxykinase
31.1%
27) Regulation of gluconeogenesis & glycolysis: What nucleotide inhibits glycolysis?ATP
29.9%
19) ..which uses?H20
28.8%
18) This reaction is a ________ reaction.Hydrolysis
28.7%
28) Which one stimulates it?AMP
28.2%
21) This is a _________ reaction.Hydrolysis
27.1%
29) Which nucleotide inhibits the two stages of the 1st bypass reaction?ADP
24.4%
30) Which one inhibits the 2nd bypass reaction?AMP
22.7%
33) Fructose-2,6-Bisphosphate inhibits what pathway?Gluconeogenesis
22.4%
32) Fructose-2,6-Bisphosphate stimulates what pathway?Glycoslysis
22.4%
35) What hormone stimulates Fructose-6-Phosphate production?Insulin
21.2%
34) What hormone stimulates Fructose-2,6-Bisphosphate production?Glucagon
19.5%
9) What is added to pyruvate?Bicarbinate, CO3-
18.4%
31) What compound, which isn't used in these metabolisc pathways, is used to regulate the rate of Glc breakdown vs synthesis?Frucose-2,6-Bisphosphate
18.2%
32) This is formed from Frucose-6-Phosphate by which enzyme?Phosphofructokinase
16.7%
33) Fructose-2,6-Bisphosphate is converted into fructose-6-phosphate by...Fructose Bisphosphatase
5.9%

You're not logged in!

Compare scores with friends on all Sporcle quizzes.
Join for Free
OR
Log In

You Might Also Like...

Show Comments

Extras

Created Jan 20, 2012ReportFavoriteNominate
Tags:Nintendo Quiz

Top Quizzes Today


Score Distribution

Your Account Isn't Verified!

In order to create a playlist on Sporcle, you need to verify the email address you used during registration. Go to your Sporcle Settings to finish the process.

Report this User

Report this user for behavior that violates our Community Guidelines.

Details: